Statistiques concernant Propriétaires des clubs de ligue 1

Cliquez ici pour prendre le quiz!

Statistiques générales

  • Ce quiz a été pris 28 fois
    (11 depuis la dernière actualisation)
  • Le résultat moyen est 5 sur 18

Statistiques - réponses

ClubPropriétaire% Correct
OMFrank McCourt
67%
OLJohn Textor
56%
MHSCGroupe Nicollin
44%
NiceINEOS
44%
PSGQatar Sports Investissement
44%
NantesWaldemar Kita
44%
AS MonacoDmitri Rybolovlev
33%
ReimsJean-Pierre Caillot
33%
LorientLoïc Ferry
33%
FC MetzBernard Serin
22%
StrasbourgBlueCo
22%
BrestDenis Le Saint
22%
RennesArtémis
11%
Le Havre ACVincent Volpe
11%
Clermont FootAhmet Schaefer
0%
LOSCMerlyn Partners
0%
ToulouseRedBirds Capital Partners
0%
LensSolferino SARL
0%

Distribution des résultats

Percentile par nombre de réponses

% des personnes avec chaque résultat

Votre développement - résultats

Vous n’avez pas pris ce quiz depuis la dernière actualisation